000 00592nam a22002177a 4500
003 OSt
005 20140310182931.0
008 130131t xxu||||| |||| 00| 0 eng d
020 _a9789712721779
050 _aPE3502
_b.B352 2009
082 _aFIL 410
_bP53 2009
245 _aPhilippine english
_blinguistics and literary perspective
_cBautista, Ma. Lourdes
260 _aPasig City
_b Anvil
_c c2009
300 _a405 p.
_c22.8 cm.
521 _acollege students
526 _c1210L-1700L
541 _j1
541 _j2
562 _e2
942 _2lcc
_cBK-GR
_kFIL
999 _c17530
_d17530